Využitie výpočtovej techniky na železnici Zborník prednášok. Nové Zámky 25. a 26.9.1984
Guardado en:
| Formato: | Libro |
|---|---|
| Lenguaje: | eslovaco |
| Publicado: |
Bratislava
ČSVTS pri Dopravnom rozvojovom stredisku
1984
|
| Edición: | 1. vyd. |
| Etiquetas: |
Sin Etiquetas, Sea el primero en etiquetar este registro!
|
MARC
| LEADER | 00000nam a2200000 4500 | ||
|---|---|---|---|
| 001 | c032066 | ||
| 005 | 20221220085925.3 | ||
| 041 | 0 | |a slo | |
| 044 | |a SK | ||
| 245 | 1 | 0 | |a Využitie výpočtovej techniky na železnici |b Zborník prednášok. Nové Zámky 25. a 26.9.1984 |
| 250 | |a 1. vyd. | ||
| 264 | 1 | |a Bratislava |b ČSVTS pri Dopravnom rozvojovom stredisku |c 1984 | |
| 300 | |a 162 s. | ||